Statistiken für Länder, in denen die meisten Blaubeeren hergestellt werden

Klicken Sie hier um das Quiz zu spielen!

Allgemein

  • Dieses Quiz wurde 44 mal gespielt
  • Das Durchschnittsergebnis liegt bei 14 aus 20

Antwortstatistiken

100 TonnenLand% Korrekt
2366Vereinigte Staaten
100%
138Deutschland
98%
29Russland
98%
17Italien
93%
163Polen
93%
354Spanien
93%
89Frankreich
90%
1602Kanada
90%
367Mexiko
86%
14Ukraine
86%
98Portugal
83%
87Niederlande
74%
69Australien
64%
3Rumänien
62%
3Schweiz
62%
30Neuseeland
50%
523Peru
45%
4Lettland
40%
1Litauen
36%
7Usbekistan
0%

Verteilung der Resultate

Perzentil nach korrekt beantworteten Fragen

Anzahl Personen mit jedem Resultat

Ihre Resultats-Entwicklung

Sie haben dieses Quiz noch nicht gespielt